<?xml version="1.0" encoding="UTF-8"?>
<record
    xmlns:xsi="http://www.w3.org/2001/XMLSchema-instance"
    xsi:schemaLocation="http://www.loc.gov/MARC21/slim http://www.loc.gov/standards/marcxml/schema/MARC21slim.xsd"
    xmlns="http://www.loc.gov/MARC21/slim">

  <leader>03390nam a22002177a 4500</leader>
  <controlfield tag="003">OSt</controlfield>
  <controlfield tag="005">20260407134711.0</controlfield>
  <controlfield tag="008">260407b        |||||||| |||| 00| 0 eng d</controlfield>
  <datafield tag="040" ind1=" " ind2=" ">
    <subfield code="a">LC</subfield>
    <subfield code="b">ENG</subfield>
    <subfield code="c">LC</subfield>
    <subfield code="d">ABK</subfield>
    <subfield code="e">RDA</subfield>
  </datafield>
  <datafield tag="082" ind1=" " ind2=" ">
    <subfield code="2">23rd ed.</subfield>
    <subfield code="a">348.044</subfield>
    <subfield code="b">HIG</subfield>
  </datafield>
  <datafield tag="245" ind1=" " ind2=" ">
    <subfield code="a">The high court bulletin [2013] H.C.B Vol. 1 : </subfield>
    <subfield code="b">(a digest of judgements and orders of the supreme court of Uganda, the court of appeal of Uganda, the constitutional court and the high court of Uganda) / </subfield>
    <subfield code="c">edited by Bakunzi Didas Mufasha and Rose Kawesa Nalule.</subfield>
  </datafield>
  <datafield tag="260" ind1=" " ind2=" ">
    <subfield code="a"> Kampala, Uganda :</subfield>
    <subfield code="b">The Law Development Center,</subfield>
    <subfield code="c"> January/December 2013.</subfield>
  </datafield>
  <datafield tag="300" ind1=" " ind2=" ">
    <subfield code="a">102 pages :</subfield>
    <subfield code="c">28 cm.</subfield>
  </datafield>
  <datafield tag="505" ind1=" " ind2=" ">
    <subfield code="a">Advocates For Natural Resources Governance and Development and 2 Others Vs. Attorney General and Uganda National Roads Authority (CC)...50&#x2026; Akbar Hussein Godi Vs. Uganda (CA)...11&#x2026; British American Tobacco (U) Ltd Vs. Sedrach Mwijakubi and 4 Others (SC)&#x2026;35&#x2026;  Buyinza Ronald Vs. Uganda (CA)...9&#x2026; Charles Lubowa and 4 Others Vs. Makerere University (SC)...17&#x2026; Concorp International Limited Vs. Eastern and Southern Africa Trade and Development Bank (SC) ...23&#x2026;C.R. Patel Vs. The Commissioner Land Registration and 2 Others (HC)...91&#x2026;Daveshan Development and Another Vs. Shanita Namuyimbwa And Another (HC)&#x2026;89... David Omorio And Another Vs. Uganda (SC)&#x2026;1&#x2026; Edith Nantumbwe Kizito And 3 Others Vs. Miriam Kuteesa (CA)...71&#x2026; Ephraim Turinawe and Another Vs. Molly Kyalimpa Turinawe And 4 Others (SC)...41&#x2026;Geofrey Kazinda Vs. Attorney General (CC)...58&#x2026; George M. Mukula Vs. Uganda (HC)&#x2026;100&#x2026; Giuliano Gariggio Vs. Glaudio Casadio (SC)...33&#x2026; Godfrey Opus Vs. Harvest Farm Seeds (SC)...45&#x2026; Hassan Basajjabalaba and Another Vs. Attorney General (CA) ...64 ... Joseph Nyakana and Another Vs. Bethuel Nsubuga And Another (HC)...98 ... Julius Rwabinumi Vs. Hope Bahimbisomwe (SC)&#x2026;19&#x2026; Kabale Housing Estate Tenants Association Limited Vs. Kabale Municipal Local Government Council (SC)&#x2026;30&#x2026; Kampala Capital City Authority Vs. Zzimwe Enterprises, Hardware And Construction Limited (HC)&#x2026;84&#x2026; Kikonda Butema Farm Limited Vs. Attorney General (CA)...61&#x2026; Kyambogo University Vs. Isaiah Omolo Ndiege (CA) ...55&#x2026; Magombe Joseph Vs. Uganda (CC)&#x2026;73&#x2026; Makerere University Vs. Omumbejja Namusisi Farida Naluwembe Namirembe Bwanga also known as Namirembe Bwanga Bwamirembe (HC)...86&#x2026; Margaret Kato and Another Vs. Nuulu Nalwoga (SC). )... 14&#x2026; Mugasa Joseph Vs. Uganda (SC)...4&#x2026; Namugerwa Hadijah Vs. Director of Public Prosecutions and Attorney General (SC)...38&#x2026; National Drug Authority Vs. John Chris Bakiza T/A M/S Kabyesiza &amp; Co. Advocates (HC)&#x2026;96&#x2026; Nipun Norattam Bhatia Vs. Crane Bank Limited (CA)&#x2026;76&#x2026; Olara John Peter Vs. Uganda (CA)...6&#x2026; Serunkuma Edirisa and Another Vs. Attorney General (CC)...78&#x2026;Stanbic Bank Uganda Limited Vs. Atabya Agencies Limited (SC)... 47&#x2026; Sumaya Nabawanuka Vs. Med Makumbi (HC)&#x2026;82&#x2026; Theodore Ssekikubo And 3 Others Vs. Attorney General and 4 Others (SC)...26&#x2026; Wamono Shem Vs. Equity Bank Uganda Limited and Constance Wakyemba (HC)&#x2026;80&#x2026; William Mukasa Vs. Uganda Revenue Authority (CA)&#x2026;68</subfield>
  </datafield>
  <datafield tag="650" ind1=" " ind2=" ">
    <subfield code="a">High court Bulletin </subfield>
    <subfield code="9">67710</subfield>
  </datafield>
  <datafield tag="650" ind1=" " ind2=" ">
    <subfield code="a">Supreme Court of Uganda</subfield>
    <subfield code="9">67711</subfield>
  </datafield>
  <datafield tag="650" ind1=" " ind2=" ">
    <subfield code="a"> Court of appeal of Uganda</subfield>
    <subfield code="9">67712</subfield>
  </datafield>
  <datafield tag="700" ind1=" " ind2=" ">
    <subfield code="a"> Mufasha, Didas Bakunzi </subfield>
    <subfield code="9">67713</subfield>
  </datafield>
  <datafield tag="700" ind1=" " ind2=" ">
    <subfield code="a">Nalule, Rose Kawesa </subfield>
    <subfield code="9">67714</subfield>
  </datafield>
  <datafield tag="942" ind1=" " ind2=" ">
    <subfield code="2">ddc</subfield>
    <subfield code="c">BOOK</subfield>
  </datafield>
  <datafield tag="999" ind1=" " ind2=" ">
    <subfield code="c">40187</subfield>
    <subfield code="d">40186</subfield>
  </datafield>
  <datafield tag="952" ind1=" " ind2=" ">
    <subfield code="0">0</subfield>
    <subfield code="1">0</subfield>
    <subfield code="2">ddc</subfield>
    <subfield code="3">Volume 1</subfield>
    <subfield code="4">0</subfield>
    <subfield code="7">0</subfield>
    <subfield code="a">LLB</subfield>
    <subfield code="b">LLB</subfield>
    <subfield code="d">2026-04-07</subfield>
    <subfield code="l">0</subfield>
    <subfield code="o">348.044 HIG</subfield>
    <subfield code="p">15029</subfield>
    <subfield code="r">2026-04-07 09:12:00</subfield>
    <subfield code="w">2026-04-07</subfield>
    <subfield code="y">BOOK</subfield>
  </datafield>
</record>
